|
|
|
|
| LEADER |
00000cam a2200000 7i4500 |
| 001 |
0000002972 |
| 002 |
000003217 |
| 005 |
20000330.0 |
| 020 |
|
|
|a 012738510X
|
| 090 |
0 |
0 |
|a 020.3
|b WAT
|
| 100 |
1 |
|
|a Watters, Carolyn
|
| 245 |
1 |
0 |
|a Dictionary of information science and technology
|c Carolyn Watters
|
| 260 |
|
|
|a London :
|b Academic Press,Inc. ,
|c 1992
|
| 300 |
|
|
|a 300p. :
|b ill ;
|c 24cm.
|
| 650 |
0 |
0 |
|a Information science
|x Dictionaries
|
| 650 |
0 |
0 |
|a Information technology
|x Dictionaries
|
| 650 |
0 |
0 |
|a Library science
|x Technological innovations
|x Dictionaries
|
| 999 |
|
|
|a 036526
|b BUKU
|c RUJUKAN
|e PERPUSTAKAAN KOMUNITI PETALING JAYA
|